<?xml version="1.0" encoding="UTF-8"?>
<record
    xmlns:xsi="http://www.w3.org/2001/XMLSchema-instance"
    xsi:schemaLocation="http://www.loc.gov/MARC21/slim http://www.loc.gov/standards/marcxml/schema/MARC21slim.xsd"
    xmlns="http://www.loc.gov/MARC21/slim">

  <leader>00907nam a22001697a 4500</leader>
  <controlfield tag="003">NUST</controlfield>
  <datafield tag="020" ind1=" " ind2=" ">
    <subfield code="a">0387310738</subfield>
  </datafield>
  <datafield tag="082" ind1=" " ind2=" ">
    <subfield code="a">621.399,BIS</subfield>
  </datafield>
  <datafield tag="100" ind1=" " ind2=" ">
    <subfield code="a">M. Bishop, Christopher</subfield>
    <subfield code="9">111483</subfield>
  </datafield>
  <datafield tag="245" ind1=" " ind2=" ">
    <subfield code="a">Pattern recognition and machine learning /</subfield>
    <subfield code="c">Christopher M. Bishop</subfield>
  </datafield>
  <datafield tag="260" ind1=" " ind2=" ">
    <subfield code="a">Springer</subfield>
    <subfield code="b">U.K</subfield>
    <subfield code="c">2006</subfield>
  </datafield>
  <datafield tag="300" ind1=" " ind2=" ">
    <subfield code="a">xix, 738 p</subfield>
  </datafield>
  <datafield tag="505" ind1=" " ind2=" ">
    <subfield code="a">Introduction (Page-1), Probability Distributions (Page-67), Linear Models for Regression (Page-137), Linear Models for Classification (Page-179), Neural Networks (Page-225), Kernal Methods (Page-291), Sparse Keranal Machines (Page-325), Graphical Models (Page-359), Mixture Models and EM (Page-423), Approximate Inference (Page-461), Sampling Mehtods (Page-523), Continuosus Latent Variables (Page-559), Sequential Data (Page-605), Combining Models (Page-653).</subfield>
  </datafield>
  <datafield tag="650" ind1=" " ind2=" ">
    <subfield code="a">Patern Recognition</subfield>
    <subfield code="9">118244</subfield>
  </datafield>
  <datafield tag="651" ind1=" " ind2=" ">
    <subfield code="a">Machine Learning</subfield>
    <subfield code="9">118245</subfield>
  </datafield>
  <datafield tag="942" ind1=" " ind2=" ">
    <subfield code="2">ddc</subfield>
    <subfield code="c">REF</subfield>
  </datafield>
  <datafield tag="999" ind1=" " ind2=" ">
    <subfield code="c">594351</subfield>
    <subfield code="d">594351</subfield>
  </datafield>
  <datafield tag="952" ind1=" " ind2=" ">
    <subfield code="0">0</subfield>
    <subfield code="1">0</subfield>
    <subfield code="2">ddc</subfield>
    <subfield code="4">0</subfield>
    <subfield code="7">0</subfield>
    <subfield code="a">MCS</subfield>
    <subfield code="b">MCS</subfield>
    <subfield code="c">REF</subfield>
    <subfield code="d">2023-03-28</subfield>
    <subfield code="l">1</subfield>
    <subfield code="o">621.399,BIS</subfield>
    <subfield code="p">MCS33775</subfield>
    <subfield code="r">2024-06-05</subfield>
    <subfield code="s">2024-05-06</subfield>
    <subfield code="w">2023-03-28</subfield>
    <subfield code="y">REF</subfield>
    <subfield code="z">Almirah No.24, Shelf No.1</subfield>
  </datafield>
</record>
